Quantitative fisheries stock assessment: choice, dynamics and uncertainty
Gespeichert in:
| Hauptverfasser: | , |
|---|---|
| Format: | Buch |
| Sprache: | Englisch |
| Veröffentlicht: |
Nueva York
Chapman-Hall
1992
|
| Schlagworte: | |
| Tags: |
Tag hinzufügen
Keine Tags, Fügen Sie den ersten Tag hinzu!
|
MARC
| LEADER | 00000nam a2200000 a 4500 | ||
|---|---|---|---|
| 001 | UCX8214 | ||
| 003 | CL-VaPUC | ||
| 008 | 940314e19920000US |||||||||||||||||eng|d | ||
| 082 | 0 | 4 | |a 639.206 |b HIL |2 21 |
| 100 | |a Hilborn, Ray |e author |9 441110 | ||
| 700 | 0 | |a Walters, Carl J |e author |9 325284 | |
| 245 | 1 | 0 | |a Quantitative fisheries stock assessment: choice, dynamics and uncertainty |
| 300 | |a 570 p | ||
| 942 | |c BK | ||
| 945 | |d 19940314 00:00:00 |a mfernand | ||
| 260 | |a Nueva York |b Chapman-Hall |c 1992 | ||
| 650 | 7 | |a INDUSTRIA PESQUERA ADMINISTRACION |2 CL-VaPUC |9 261182 | |
| 583 | |a last modification |c 19940314 00:00:00 |k Rodrigo Vera | ||
| 999 | |c 227791 |d 227789 | ||
| 952 | |0 0 |1 0 |4 0 |6 639_206000000000000_HIL_1992 |7 0 |8 CCM |9 227022 |a BIBCUR |b BIBCUR |d 2019-11-15 |i 2961997 |o 639.206 HIL 1992 |p 2961997 |r 2025-04-22 |w 2019-11-15 |y BK |k CIM | ||
| 952 | |0 0 |1 0 |4 0 |6 639_206000000000000_HIL_1992 |7 0 |8 CCM |9 227023 |a BIBCUR |b BIBCUR |d 2019-11-15 |i 3056945 |o 639.206 HIL 1992 |p 3056945 |r 2025-04-22 |w 2019-11-15 |y BK |k CIM | ||
| 952 | |0 0 |1 0 |4 0 |6 639_206000000000000_HIL_1992 |7 0 |8 A |9 227024 |a BIBMAT |b BIBMAT |d 2019-11-15 |i 3293319 |o 639.206 HIL 1992 |p 3293319 |r 2025-01-07 |w 2019-11-15 |y BK |k MAT | ||